|
|
|
|
| LEADER |
00000nab a2200000 a 4500 |
| 001 |
vtls011111038 |
| 003 |
SK-MaSNL |
| 005 |
20260303150432.0 |
| 008 |
230222|2008 xo |||||||||||||||||slo| |
| 015 |
|
|
|a SNBRB
|
| 035 |
|
|
|a (uuid)5268fca3-921d-473f-8658-0a1a6860abcf
|
| 035 |
|
|
|a (urnnbn)urn:nbn:sk:snk:ar-a08f32
|
| 035 |
|
|
|a urn:nbn:sk:snk-ab9hq6
|
| 040 |
|
|
|a SNKBUCL
|b slo
|c SNKBUCL
|e AACR2
|
| 041 |
0 |
|
|a slo
|
| 044 |
|
|
|a xo
|c SK
|
| 100 |
1 |
|
|a Tureková, Ivana,
|d 1960-
|4 aut
|9 225744
|
| 245 |
1 |
0 |
|a ŠTÚDIUM POŽIARNO-TECHNICKÝCH VLASTNOSTÍ POTRAVINÁRSKYCH PRACHOV
|c Ivana Tureková, Karol Balog, Ivana Slabá
|
| 246 |
3 |
|
|a THE STUDY OF FIRE-TECHNICAL CHARACTERISTICS OF FOOD DUSTS
|
| 700 |
1 |
|
|a Balog, Karol,
|d 1949-
|4 aut
|9 213978
|
| 700 |
1 |
|
|a Slabá, Ivana
|4 aut
|9 357173
|
| 773 |
0 |
|
|t Vedecké práce Materiálovotechnologickej fakulty Slovenskej technickej univerzity v Bratislave so sídlom v Trnave
|g Č. 25 (2008), s. 161-167
|
| 954 |
|
|
|a odborná, vedecká literatúra pôvodná (slovenská)
|2 lita
|
| 958 |
|
|
|a OND
|
| 958 |
|
|
|a EUIPO
|
| 958 |
|
|
|a article13
|
| 999 |
|
|
|c 2010599
|d 2012529
|